000 00706nam a2200289Ia 4500
005 20260324150249.0
008 008 260324s9999 xx 000 0 eng d
020 _a9781315230993
037 _aEBOOK
040 _aCRL
040 _beng
040 _cCRL
041 _2eng
041 _aeng
084 _qCRL
100 _aMuriel Beadle
_91225829
245 2 _aA Child's Mind
245 0 _bHow Children Learn During the Critical Years from Birth to Age Five Years
260 _bTaylor and Francis
260 _c1970
365 _a
365 _b205
856 _uhttp://www.taylorfrancis.com/books/9781315230993
942 _cEBOOK
999 _c1834974
_d1834974